000 00713cam a22002653a 4500
001 32293
003 PGUSA
005 20140828083711.0
008 100508s2010||||xxu|||||s|||||000 1 eng d
040 _aPGUSA
_beng
042 _adc
050 4 _aPS
100 1 _aWilkins, Patrick
245 1 0 _aFor Every Man A Reason
_h[electronic resource] /
_cPatrick Wilkins
260 _bProject Gutenberg,
_c2010
506 _aPublic domain in the USA.
516 _aElectronic text
653 _aWar stories
653 _aShort stories
653 _aScience fiction
700 1 _aOrban, Paul,
_d1896-1974
830 0 _aProject Gutenberg
_v32293
856 4 0 _uhttp://www.gutenberg.org/ebooks/32293
942 _cEB
999 _c261548
_d261548